| 000 | 00371nam a2200145Ia 4500 | ||
|---|---|---|---|
| 008 | 230917s9999||||xx |||||||||||||| ||und|| | ||
| 040 |
_e42743 _aMAIN |
||
| 041 | _aEnglish | ||
| 082 | _a813.09 M451A | ||
| 100 | _aMaxwell, D E S | ||
| 245 | 0 | _aAmerican fiction: The intellectual background | |
| 260 |
_aLondon _bRoutledge _c1963 |
||
| 300 | _avii, 306 p. | ||
| 942 | _cBK | ||
| 999 |
_c112686 _d112686 |
||